000 005030000a22001810004500
003 MACL
005 20150819135931.0
008 150819b xxu||||| |||| 00| 0 eng d
040 _aMACL
_cMACL
041 _aEnglish
082 _a600/NAT
100 _aMihra L.
_96243
245 _aTransfer Of Technology In Indian Industry
_bCase Studies On Utilisation Of Indigenous R & D
260 _bIndus publishing Company
_c1994
_aNew Delhi
350 _a150
650 _aTechnology
_959
942 _cBK
_k600
_2ddc
999 _c2506
_d2506